000
00318 a2200109 4500
001
ART_12665
005
20260410161908.0
008
260409a
245
1
0
_a
On the economics of philanthropy
100
1
_a
Sugden, Robert
773
0
_t
The Economic Journal
_g
- Vol. 92, NÂș 366 (jun. 1982)
_w
REV12512
999
_c
26558
_d
26558